000 00736nam a2200241 a 4500
001 70664
003 BD-RjUL
005 20211209082027.0
008 170418s1966 enka|||| b||| 001 0 eng d
035 _a(BD-RjUL)70878
040 _aBD-RjUL
_beng
_cBD-RjUL
_dBD-RjUL
041 _aeng
082 _223
_a541.39
_bTRC 1966
100 _aTrotman-Dickenson, A. F.
_9209156
245 _aChemical kinetics - Surface and colloid chemistry /
_cA. F. Trotman-Dickenson;G. D. Parfitt
250 _a1st ed.
260 _aOxford :
_bPergamon,
_c1966.
300 _aix, 170 p. :
_bill. ;
_c18 cm.
504 _aIncludes Bibliography and Index.
650 _aChemical reactions
_9209157
700 _aParfitt, G. D.
_9209158
942 _2ddc
_cBK
999 _c70664
_d70664